000 00521nam a22001817a 4500
003 OSt
008 260606b |||||||| |||| 00| 0 eng d
020 _a9781071635797
082 _a570.113
_bM33S
245 _aSystems Biology/
_bedited by Mariano Bizzarri
260 _aNew York:
_bHumana Press;
_c2024.
300 _axvi, 256 p.
650 _aPure Sciences
650 _aBiology
650 _aMathematical and computer simulation/modelling of biological systems
700 _aMariano , Bizzarri
942 _2ddc
_cBK
999 _c51607
_d51607